| 000 | 00000nam##2200000za#4500 |
| 001 | 9.637689 |
| 003 | CaOODSP |
| 005 | 20210624221324 |
| 007 | cr ||||||||||| |
| 008 | 150407|2000||||xxc|||||o f|0| 0 fre|d |
| 040 | |aCaOODSP|bfre |
| 043 | |an-cn--- |
| 086 | 1 |aA22-201/2000-1F-PDF |
| 110 | 1 |aCanada. |bAgriculture et agroalimentaire Canada. |bDirection générale de la recherche. |
| 245 | 10|aL'agriculture écologiquement durable au Canada : |h[ressource électronique]|brapport sur le Projet des indicateurs agroenvironnementaux: résumé / |cPublié par la Direction générale de la recherche et la Direction générale des politiques. |
| 260 | |aOttawa - Ontario : |bAgriculture et Agroalimentaire Canada. |c2000. |
| 300 | |a25p.|bill. en couleur, graphiques, tableau |
| 500 | |a«[...] est destiné aux agriculteurs, aux chefs de file du secteur agricole, aux décideurs des administrations publiques, aux environnementalistes et aux citoyens intéressés. Ce document présente une évaluation globale du caractère durable des agroécosystèmes. De plus, il examine les principaux paramètres environnementaux de ces systèmes ainsi que les rapports entre ceux-ci, d'une part, et les écosystèmes naturels qui les englobent et les forces agissantes avec lesquelles ils entrent en interaction, d'autre part. Les indicateurs sont présentés par rapport à six grands axes: la gestion agricole, les sols, les eaux, l'atmosphère, la biodiversité et l'intensité de la production.»--Page 1. |
| 500 | |aLe n° de catalogue (A22-201/2000-1F) et l'ISBN (0-662-84292-8) copiés dans cette publication électronique sont incorrects. |
| 520 | 3 |a[...] est destiné aux agriculteurs, aux chefs de file du secteur agricole, aux décideurs des administrations publiques, aux environnementalistes et aux citoyens intéressés. Ce document présente une évaluation globale du caractère durable des agroécosystèmes. De plus, il examine les principaux paramètres environnementaux de ces systèmes ainsi que les rapports entre ceux-ci, d'une part, et les écosystèmes naturels qui les englobent et les forces agissantes avec lesquelles ils entrent en interaction, d'autre part. Les indicateurs sont présentés par rapport à six grands axes: la gestion agricole, les sols, les eaux, l'atmosphère, la biodiversité et l'intensité de la production.--Page 1 |
| 590 | |a10-05-Supp|b2010-07-20 |
| 691 | 07|aAgriculture|2gcpds |
| 691 | 07|aEnvironnement|2gcpds |
| 691 | 07|aÉcologie|2gcpds |
| 775 | 08|tEnvironmental sustainability of Canadian agriculture : |w(CaOODSP)9.693511 |
| 776 | 0#|tL'agriculture écologiquement durable au Canada : |w(CaOODSP)9.681014 |
| 856 | 40|ahttp://publications.gc.ca|qPDF|s421 Ko|uhttps://publications.gc.ca/collections/Collection/A22-201-2000-1F.pdf |